01805cam a22006014i 4500003000900000005001700009008004100026020001800067020001500085035002000100040003300120049000900153082002000162100003100182245009500213264003200308300005600340336002100396337002500417338002300442505005900465526001000524526001000534526001000544526001000554526001000564526000900574526000900583526000900592526000900601526000900610526000900619526000900628526000900637526000900646526000900655526000800664526000800672526000800680526000800688526000800696526000800704541001800712650002600730650003900756700003000795910002800825596000600853942001400859999010700873980005500980952016801035PE-LiUPU20250731170426.0190305s2008 cl a r 000 0 spa d a9789877601312 a9877601311 a(Sirsi) a251896 aPE-LiUPUbspacPE-LiUPUerda aPRUA04a153.94bM362211 aMedrano, Leonardo,eautor.10aManual de psicometría y evaluación psicológica /cLeonardo Medrano, Edgardo Pérez. 1aCórdoba :bBrujas,c2018. a176 páginas :bilustraciones ;c25 centímetros. atext2rdacontent aunmediated2rdamedia avolume2rdacarrier0 aIntroducción a la psicometría: el desafio de medir aSEG68 aSEG70 aSEG69 aSEG67 aSEG43 aP144 aP143 aP131 aP122 aP120 aP117 aP112 aP110 aP106 aP101 aP80 aP59 aP54 aP35 aP33 aP30 g002-00000791;07aPsicometría2embucm07aEvaluación psicológica2embucm1 aPérez, Edgardo,eautor. adbmbkslcksld20190305 a1 2ddccBOOK a153.94 M36wDEWEYc31160i80005lREPAIRmBULr0sYtBOOKu2019-3-5xSALUDzP330COMPRA1FCOMPR2d31160 81gALBERTO SANCHEZ Responsable de Automatización r2025-12-02 00:00:00i1l4o153.94 M36p80005s2025-03-30te1w2019-03-05xFCSyBKzinventario-2023-12-13102ddc50708GENfP33aBULbBULcGENd2019-03-05eCOMPRA